1560 1321 1061 1148 1413 1551 1436 1031 1587 1703 1522 1621 1830 1765 1380 1876 1686 1296 1542 1230 1622 1008 1732 1751 1355 1127 1060 1652 1340 1538 1895 1660 1611 1327 1401 1107 1338 1079 1156 1389 1284 1388 1263 1234 1456 1323 1185 1932 1939 1949 1817 1361 1173 1225 1271 1842 1129 1901 1269 1997 1908 1076 1302 1889 1268 1579 1894 1240 1381 1396 1079 1208 1466 1602 1244 1461 1918 1244 1546 1459 1970 1900 1979 1930 1605 1011 1562 1893 1329 1764 1092 1725 1763 1230 1101 1123 1727 1935 1162 BCNSPRNW ULIB Ver.6.0+V

เปลี่ยนเป็นภาษาไทย

Change to English
 แสดงรายละเอียดบรรณานุกรม
  กลับหน้าหลัก

Brief Record : Get Marc (ISO 2709) : E-mail record : QR code < ปิดหน้าต่าง
LEADER : 00000nam 2200000uu 4500
001    13399123208
003     ULIB
008    020711s2551 th a 000 0 tha d
020    9789741305803
090    นว.^bป111อ
100    ปาปิญอง
245    อัญมณีสีเลือด /^cปาปิญอง
250    พิมพ์ครั้งที่ 1
260    กรุงเทพฯ :^bบลูบัตเตอร์ฟลาย,^c2551
300    190 หน้า;^b21 ซม.
710    บลูบัตเตอร์ฟลาย
945    ^p169^l0^i20344
999    ^aทศพร เกษรทอง
รายการนี้ยังไม่มีแท็ก
คุณยังไม่ได้ล็อกอิน คุณสามารถมีกิจกรรมร่วมกับเว็บไซต์ได้ แต่ต้องล็อกอินก่อน ::
  ล็อกอิน

รายการสื่อสารสนเทศ

ลำดับที่ ประเภท เลขเรียก/บาร์โค้ด สถานที่ สถานะ
1. นวนิยาย
นวนิยาย
นว. ป111อ ฉ.1 
  Barcode: 20344
ห้องสมุดวิทยาเขตนครสวรรค์
►นวนิยาย:l:Fiction
บนชั้น

BibComment


ยังไม่เคยถูกคอมเมนท์

คอมเมนท์ทรัพยากรรายการนี้
  คอมเมนท์: อัญมณีสีเลือด ปา..


 Copyright 2026. Bcnsprnw @Library